|
003 -Nazwa inst., której nr kontr. jest w polu 001 [,]
|
-
- @
- Nazwa instytucji, której n kontrolny jest w polu 001
- NUKAT
|
|
005 -DATA I CZAS OSTATNIEJ MODYFIKACJI [,]
|
-
- @
- pole kontrolne
- 20241231104336.0
|
|
020 -Międzynarod. znormalizowany nr książki - ISBN [ , ]
|
-
- a
- Numer ISBN
- 9788325576219
|
|
020 -Międzynarod. znormalizowany nr książki - ISBN [ , ]
|
-
- a
- Numer ISBN
- 9788325576226
-
|
|
040 -Instytucja sporządzająca opis [ , ]
|
-
- a
- Instytucja, która sporządziła opis (NP)
- WA U/91UKP
-
- c
- Instytucja, która sporządziła rekord (NP)
- WA U/UKP
-
- d
- Instytucja, która zmodyfikowała rekord (P)
- WA U/EAD
-
- d
- Instytucja, która zmodyfikowała rekord (P)
- GD U/AEKs
-
- d
- Instytucja, która zmodyfikowała rekord (P)
- SZCZ U/JS
-
- d
- Instytucja, która zmodyfikowała rekord (P)
- TOR U/WS
|
|
942 -Rodzaj dokumentu [ , ]
|
-
- c
- Rodzaj dokumentu
- Książka
|
|
245 -Strefa tytułu i oznaczenia odpowiedzialności [1,0]
|
-
- a
- Tytuł
- Unijne rozporządzenie spadkowe Nr 650/2012 :
-
- b
- Ciąg dalszy tytułu (NP)
- komentarz /
-
- c
- Pozostałe elementy strefy tytułu i oznaczenia odpowiedzialności (NP)
- redaktor Mariusz Załucki ; autorzy: Jakub Biernat, Piotr Cybula, Paweł Czubik, Adam Doliwa, Ewa Kamarad, Grzegorz Karaś, Daniel Karkut, Tomasz Kot, Anna Machnikowska, Jacek Mazurkiewicz, Maciej Rzewuski, Jarosław Turłukowski , Piotr Stec, Dariusz Szostek, Anna Wysocka-Bar, Mariusz Załucki, Jolanta Zatorska.
|
|
260 -Strefa adresu wydawniczego [ , ]
|
-
- a
- Miejsce wydania (P)
- Warszawa :
-
- b
- Nazwa wydawcy (P)
- Wydawnictwo C.H. Beck,
-
|
|
700 -Hasło dodatkowe - nazwa osobowa [1, ]
|
-
- a
- Nazwa osobowa (NP)
- Cybula, Piotr
-
- d
- Daty biograficzne (NP)
- (1977- ).
-
|
|
700 -Hasło dodatkowe - nazwa osobowa [1, ]
|
-
- a
- Nazwa osobowa (NP)
- Czubik, Paweł.
-
|
|
700 -Hasło dodatkowe - nazwa osobowa [1, ]
|
-
- a
- Nazwa osobowa (NP)
- Doliwa, Adam
-
- c
- Dopowiedzenie inne niż daty biograficzne (NP)
- (prawo).
-
|
|
700 -Hasło dodatkowe - nazwa osobowa [1, ]
|
-
- a
- Nazwa osobowa (NP)
- Kamarad, Ewa.
-
|
|
700 -Hasło dodatkowe - nazwa osobowa [1, ]
|
-
- a
- Nazwa osobowa (NP)
- Karaś, Grzegorz
-
- c
- Dopowiedzenie inne niż daty biograficzne (NP)
- (prawo).
-
|
|
700 -Hasło dodatkowe - nazwa osobowa [1, ]
|
-
- a
- Nazwa osobowa (NP)
- Karkut, Daniel.
-
|
|
700 -Hasło dodatkowe - nazwa osobowa [1, ]
|
-
- a
- Nazwa osobowa (NP)
- Kot, Tomasz
-
- c
- Dopowiedzenie inne niż daty biograficzne (NP)
- (notariusz).
-
|
|
700 -Hasło dodatkowe - nazwa osobowa [1, ]
|
-
- a
- Nazwa osobowa (NP)
- Machnikowska, Anna
-
- d
- Daty biograficzne (NP)
- (1969- ).
-
|
|
700 -Hasło dodatkowe - nazwa osobowa [1, ]
|
-
- a
- Nazwa osobowa (NP)
- Mazurkiewicz, Jacek
-
- c
- Dopowiedzenie inne niż daty biograficzne (NP)
- (prawo).
-
|
|
700 -Hasło dodatkowe - nazwa osobowa [1, ]
|
-
- a
- Nazwa osobowa (NP)
- Rzewuski, Maciej.
-
|
|
700 -Hasło dodatkowe - nazwa osobowa [1, ]
|
-
- a
- Nazwa osobowa (NP)
- Turłukowski, Jarosław.
-
|
|
700 -Hasło dodatkowe - nazwa osobowa [1, ]
|
-
- a
- Nazwa osobowa (NP)
- Stec, Piotr
-
- d
- Daty biograficzne (NP)
- (1973- ).
-
|
|
700 -Hasło dodatkowe - nazwa osobowa [1, ]
|
-
- a
- Nazwa osobowa (NP)
- Szostek, Dariusz.
-
|
|
700 -Hasło dodatkowe - nazwa osobowa [1, ]
|
-
- a
- Nazwa osobowa (NP)
- Wysocka-Bar, Anna.
-
|
|
700 -Hasło dodatkowe - nazwa osobowa [1, ]
|
-
- a
- Nazwa osobowa (NP)
- Załucki, Mariusz.
-
|
|
700 -Hasło dodatkowe - nazwa osobowa [1, ]
|
-
- a
- Nazwa osobowa (NP)
- Zatorska, Jolanta
-
- c
- Dopowiedzenie inne niż daty biograficzne (NP)
- (prawo).
-
|
|
710 -Hasło dodatkowe - nazwa ciała zbiorowego [2, ]
|
-
- a
- Nazwa ciała zbiorowego lub nazwa geograficzna jako pierwszy element (NP)
- Wydawnictwo C.H. Beck.
-
-
|